000
00339nam a22001457a 4500
008
210305b ||||| |||| 00| 0 eng d
020
_a
9780070082021
041
_a
eng
080
_2
5th
_a
510
082
_a
510
100
_a
36
101
_a
MAT
245
_a
Fourier series and Boundary Value Problems
_c
Brown, J. W
942
_2
udc
_c
BK
999
_c
55852
_d
55852